<?xml version="1.0" encoding="UTF-8"?>
<collection xmlns="http://www.loc.gov/MARC21/slim">
<record>
  <controlfield tag="001">162620</controlfield>
  <controlfield tag="005">20251017144601.0</controlfield>
  <datafield tag="024" ind1="7" ind2=" ">
    <subfield code="2">doi</subfield>
    <subfield code="a">10.1111/geb.70098</subfield>
  </datafield>
  <datafield tag="024" ind1="8" ind2=" ">
    <subfield code="2">sideral</subfield>
    <subfield code="a">145160</subfield>
  </datafield>
  <datafield tag="037" ind1=" " ind2=" ">
    <subfield code="a">ART-2025-145160</subfield>
  </datafield>
  <datafield tag="041" ind1=" " ind2=" ">
    <subfield code="a">eng</subfield>
  </datafield>
  <datafield tag="100" ind1=" " ind2=" ">
    <subfield code="a">Zhao, Yanchuang</subfield>
  </datafield>
  <datafield tag="245" ind1=" " ind2=" ">
    <subfield code="a">The Relationship Between Grazing Pressure and Environmental Factors Drives Vegetation Fragmentation Across Global Drylands</subfield>
  </datafield>
  <datafield tag="260" ind1=" " ind2=" ">
    <subfield code="c">2025</subfield>
  </datafield>
  <datafield tag="506" ind1="0" ind2=" ">
    <subfield code="a">Access copy available to the general public</subfield>
    <subfield code="f">Unrestricted</subfield>
  </datafield>
  <datafield tag="520" ind1="3" ind2=" ">
    <subfield code="a">Aim: To evaluate how grazing pressure, a key land-use factor, interacts with climatic, vegetation, and soil variables to shape the fragmentation of perennial vegetation across drylands globally.   Location: 171 plots across 25 countries on six continents.   Time Period: Field data: 2016–2019.   Major Taxa Studied: Perennial grasses, shrubs, and woody plants.   Methods: We conducted a standardised field survey across 171 45 m × 45 m plots to assess grazing pressure, vegetation, and soil properties. Vegetation fragmentation was quantified using three patch-based metrics derived from high-resolution satellite images.   Linear mixed-effects models were used to relate fragmentation to climatic, vegetation, and soil variables. Predictor importance was assessed through multi-model inference and validated using a random forest approach.   Results: Vegetation fragmentation increased with aridity, and this effect was 4.7 times stronger under high grazing pressure than under low pressure. The most influential interactions involved grazing pressure with soil amelioration (49.7% importance) and with vegetation cover (44.6%). Soil amelioration—measured as the enrichment of soil organic carbon beneath vegetation—reduced fragmentation, especially under high grazing pressure. In contrast, the ability of vegetation cover to sustain large patches diminished as grazing intensity increased. Soil amelioration was strongly linked to the proportion of facilitated plant species (p &lt; 0.01), whereas soil organic carbon alone—beneath vegetation (p = 0.37) or in bare areas (p = 0.94)—was not significantly related.   Main Conclusions Grazing pressure and aridity interact to intensify vegetation fragmentation, potentially accelerating land degradation in drylands under future climate and land-use scenarios. Mitigating this fragmentation requires not only enhancing vegetation cover but also promoting plant–soil facilitation processes, especially under high grazing pressure. These findings underscore the critical role of plant-driven soil amelioration in maintaining ecosystem structure and resilience across global drylands.</subfield>
  </datafield>
  <datafield tag="536" ind1=" " ind2=" ">
    <subfield code="9">info:eu-repo/grantAgreement/ES/AEI/CNS2024-154579</subfield>
    <subfield code="9">info:eu-repo/grantAgreement/ES/AEI/PID2022-140398NA-I00</subfield>
    <subfield code="9">info:eu-repo/grantAgreement/ES/AEI/RYC2021-031797-I</subfield>
    <subfield code="9">info:eu-repo/grantAgreement/EC/H2020/647038/EU/Biological feedbacks and ecosystem resilience under global change: a new perspective on dryland desertification/BIODESERT</subfield>
    <subfield code="9">This project has received funding from the European Union’s Horizon 2020 research and innovation program under grant agreement No H2020 647038-BIODESERT</subfield>
  </datafield>
  <datafield tag="540" ind1=" " ind2=" ">
    <subfield code="9">info:eu-repo/semantics/embargoedAccess</subfield>
    <subfield code="a">All rights reserved</subfield>
    <subfield code="u">http://www.europeana.eu/rights/rr-f/</subfield>
  </datafield>
  <datafield tag="655" ind1=" " ind2="4">
    <subfield code="a">info:eu-repo/semantics/article</subfield>
    <subfield code="v">info:eu-repo/semantics/acceptedVersion</subfield>
  </datafield>
  <datafield tag="700" ind1=" " ind2=" ">
    <subfield code="a">Kéfi, Sonia</subfield>
  </datafield>
  <datafield tag="700" ind1=" " ind2=" ">
    <subfield code="a">Guirado, Emilio</subfield>
  </datafield>
  <datafield tag="700" ind1=" " ind2=" ">
    <subfield code="a">Berdugo, Miguel</subfield>
  </datafield>
  <datafield tag="700" ind1=" " ind2=" ">
    <subfield code="a">Eldridge, David J.</subfield>
  </datafield>
  <datafield tag="700" ind1=" " ind2=" ">
    <subfield code="a">Gross, Nicolas</subfield>
  </datafield>
  <datafield tag="700" ind1=" " ind2=" ">
    <subfield code="a">Le Bagousse-Pinguet, Yoann</subfield>
  </datafield>
  <datafield tag="700" ind1=" " ind2=" ">
    <subfield code="a">Saiz, Hugo</subfield>
    <subfield code="u">Universidad de Zaragoza</subfield>
  </datafield>
  <datafield tag="700" ind1=" " ind2=" ">
    <subfield code="a">Asensio, Sergio</subfield>
  </datafield>
  <datafield tag="700" ind1=" " ind2=" ">
    <subfield code="a">Ochoa, Victoria</subfield>
  </datafield>
  <datafield tag="700" ind1=" " ind2=" ">
    <subfield code="a">Gozalo, Bea</subfield>
  </datafield>
  <datafield tag="700" ind1=" " ind2=" ">
    <subfield code="a">Martínez-Valderrama, Jaime</subfield>
  </datafield>
  <datafield tag="700" ind1=" " ind2=" ">
    <subfield code="a">Plaza, César</subfield>
  </datafield>
  <datafield tag="700" ind1=" " ind2=" ">
    <subfield code="a">Valencia, Enrique</subfield>
  </datafield>
  <datafield tag="700" ind1=" " ind2=" ">
    <subfield code="a">Maestre, Fernando T.</subfield>
  </datafield>
  <datafield tag="710" ind1="2" ind2=" ">
    <subfield code="1">5011</subfield>
    <subfield code="2">220</subfield>
    <subfield code="a">Universidad de Zaragoza</subfield>
    <subfield code="b">Dpto. CC.Agrar.y Medio Natural</subfield>
    <subfield code="c">Área Ecología</subfield>
  </datafield>
  <datafield tag="773" ind1=" " ind2=" ">
    <subfield code="g">34, 8 (2025), e70098 [14 pp.]</subfield>
    <subfield code="p">Glob. ecol. biogeogr.</subfield>
    <subfield code="t">GLOBAL ECOLOGY AND BIOGEOGRAPHY</subfield>
    <subfield code="x">1466-822X</subfield>
  </datafield>
  <datafield tag="856" ind1="4" ind2=" ">
    <subfield code="s">1755985</subfield>
    <subfield code="u">http://zaguan.unizar.es/record/162620/files/texto_completo.pdf</subfield>
    <subfield code="y">Postprint</subfield>
    <subfield code="z">info:eu-repo/date/embargoEnd/2026-08-04</subfield>
  </datafield>
  <datafield tag="856" ind1="4" ind2=" ">
    <subfield code="s">1185618</subfield>
    <subfield code="u">http://zaguan.unizar.es/record/162620/files/texto_completo.jpg?subformat=icon</subfield>
    <subfield code="x">icon</subfield>
    <subfield code="y">Postprint</subfield>
    <subfield code="z">info:eu-repo/date/embargoEnd/2026-08-04</subfield>
  </datafield>
  <datafield tag="909" ind1="C" ind2="O">
    <subfield code="o">oai:zaguan.unizar.es:162620</subfield>
    <subfield code="p">articulos</subfield>
    <subfield code="p">driver</subfield>
  </datafield>
  <datafield tag="951" ind1=" " ind2=" ">
    <subfield code="a">2025-10-17-14:14:18</subfield>
  </datafield>
  <datafield tag="980" ind1=" " ind2=" ">
    <subfield code="a">ARTICLE</subfield>
  </datafield>
</record>
</collection>